00222nam a2200085Ia 4500008004100000041000800041100001700049245003500066260003500101241105s9999 xx 000 0 und d aeng aKoshti Pooja aThree Star Hotel At Undri Pune bFinal Year B. Arch, BNCAc2014